000 00683nam a2200241Ia 4500
005 20250508164422.0
008 008 250505s9999 xx 000 0 hin d
020 _a81-2970195-2
037 _aTextBook
040 _aFEDL
_beng
_cFEDL
041 _ahin
_2eng
084 _a302, BAR
_qFEDL
100 _aBaron Robert A
245 0 _aSamagik manovigyan
260 _aDelhi, India
_bPearson Education
_c2004
300 _axxviii,554p.
365 _aINR
_b225
546 _aHindi translation of Social psychology {Ed.9) of Baroon and Byrne
650 _aSocial psychology
700 _a Byrne Donn
_9778082
942 _cTB
_h302, BAR
999 _c1389034
_d1389034